000 00306nam a22001217a 4500
020 _a0-85229-163-9
082 _a030 GRE'H
100 _aHUTCHINS, ROBERT M
_976481
245 _aTHE WORKS OF ARISTOTLE VOLUME -1, VOLUME -2
260 _aCHICAGO
_bWILLIAM BENTON
_c1952
300 _a9 VOLUMES
942 _cBK
999 _c581874
_d581874